Entry Nombre personal
001 - NÚMERO DE CONTROL
- campo de control: 1001
003 - IDENTIFICADOR DE NÚMERO DE CONTROL
- campo de control: AR-BaBN
005 - FECHA Y HORA DE LA ÚLTIMA TRANSACCIÓN
- campo de control: 20260401094700.0
008 - ELEMENTOS DE DATO DE LONGITUD-FIJA
- campo de control de longitud fija: 171215nn acznnaabn a aaa
016 7# - NÚMERO DE CONTROL DE UNA AGENCIA BIBLIOGRÁFICA NACIONAL
- Número de control del registro: 000050357
- Fuente: AR-BaBN
024 7# - IDENTIFICADOR DE OTROS ESTÁNDARES
- Número estándar o código: 100181310
- Fuente: viaf
- URI de un objeto del mundo real: http://viaf.org/viaf/100181310
040 ## - FUENTE DE CATALOGACIÓN
- Centro catalogador/agencia de origen: AR-BaBN
- Lengua de catalogación: spa
- Centro/agencia transcriptor: AR-BaBN
- Normas de descripción: aacr
043 ## - CÓDIGO DE ÁREA GEOGRÁFICA
- Código de área geográfica: e-gr---
046 ## - FECHAS CON CODIFICACIÓN ESPECIAL
- Fecha de nacimiento: -0518
- Fecha de la muerte: -0438
- Fuente del esquema de fecha: edtf
075 ## - TIPO DE ENTIDAD
- Término tipo de entidad: persona
- Fuente: rda
100 0# - ENCABEZAMIENTO-NOMBRE DE PERSONA
- Nombre de persona: Píndaro,
- Fechas asociadas al nombre: 518-438 a. C.
370 ## - LUGAR ASOCIADO
- Lugar de nacimiento: Beocia (Grecia)
- Lugar de fallecimiento: Argos (Grecia)
372 ## - CAMPO DE ACTIVIDAD
- Campo de actividad: Poesía lírica
374 ## - OCUPACIÓN
- Ocupación: Poetas
375 ## - GÉNERO/SEXO
- Género: Varón
377 ## - IDIOMA ASOCIADO
- Código del idioma: grc
- Término de lengua/lenguaje: griego antiguo (clásico)
400 0# - TRAZADO DE VÉASE--NOMBRE DE PERSONA
- Nombre de persona: Píndaro,
- Fechas asociadas al nombre: 518-438 a. C.
400 0# - TRAZADO DE VÉASE--NOMBRE DE PERSONA
- Nombre de persona: Píndar,
- Fechas asociadas al nombre: 518-438 a. C.
400 0# - TRAZADO DE VÉASE--NOMBRE DE PERSONA
- Nombre de persona: Pindare,
- Fechas asociadas al nombre: 518-438 a. C.
400 0# - TRAZADO DE VÉASE--NOMBRE DE PERSONA
- Nombre de persona: Pindarus,
- Fechas asociadas al nombre: 518-438 a. C.
670 ## - FUENTE DE DATOS ENCONTRADOS
- Cita de la fuente: Massini Correas, C. Píndaro : Olímpicas VII y XIV, 1952.
670 ## - FUENTE DE DATOS ENCONTRADOS
- Cita de la fuente: Selected odes of Pindar, 1889:
- Información encontrada: port. (Pindar)
670 ## - FUENTE DE DATOS ENCONTRADOS
- Cita de la fuente: Biblioteca Nacional de España, 15 dic. 2017:
- Información encontrada: cat. aut. (Píndaro; usado por: Píndar; Pindare; Pindarus; 0518-0438 a.C.)
670 ## - FUENTE DE DATOS ENCONTRADOS
- Cita de la fuente: WWW Wikipedia, 15 dic. 2017:
- Información encontrada: (Píndaro, n. hacia el 518 a. C. Cinoscéfalas, Beocia (Grecia), m. 438 a-C. en Argos (Grecia); lengua materna: eólico (dialecto), lengua de producción literaria: griego antiguo; poeta; género: poesía lírica)